Nombres aborigenes peruanos de las especies de Croton que producen el latex denominado "sangre de grado" (Registro nro. 9452)

Detalles MARC
000 -CABECERA
Campo de control 005890000a22001930004500
090 ## - CLASIFICACIÓN LOCAL
Colección AR
Consecutivo 00354
041 0# - IDIOMA
Código de idioma para texto/pista de sonido o título separado
100 1# - ASIENTO PRINCIPAL--NOMBRE PERSONAL
Nombre personal Meza Baltazar, Elsa N.
245 10 - MENCION DE TITULO
Título Nombres aborigenes peruanos de las especies de Croton que producen el latex denominado "sangre de grado"
650 14 - ASIENTO SECUNDARIO DE MATERIA - TERMINO TEMATICO
Término temático o nombre geográfico como elemento de entrada Sangre de grado
650 14 - ASIENTO SECUNDARIO DE MATERIA - TERMINO TEMATICO
Término temático o nombre geográfico como elemento de entrada Indígenas
650 14 - ASIENTO SECUNDARIO DE MATERIA - TERMINO TEMATICO
Término temático o nombre geográfico como elemento de entrada Nombres vernáculos
650 14 - ASIENTO SECUNDARIO DE MATERIA - TERMINO TEMATICO
Término temático o nombre geográfico como elemento de entrada Aspectos linguísticos
651 #4 - ASIENTO SECUNDARIO DE MATERIA - NOMBRE GEOGRAFICO
-- Perú
653 ## - TERMINO DE INDIZACION - NO CONTROLADO
-- Croton
700 1# - ASIENTO SECUNDARIO - NOMBRE PERSONAL
Nombre personal Pariona, Mario
773 1# - Item fuente:
Título Preprint
Especificación de materiales 3
Paginas del Articulo 1-17
Lugar, editorial y fecha de publicación 1996?
942 ## - ELEMENTOS ADICIONALES (KOHA)
Tipo de ítem Artículo
Existencias
Withdrawn status Lost status Damaged status No para préstamo Colección Ubicación Permanente Ubicación actual Fecha de adquisición Fuente de Valor Datos de publicación Seriada Total Checkouts Número topográfico Inventario / Código de Barras Date last seen Ejemplar Price effective from Forma de adquisición Tipo de material
      No para Préstamo Hemeroteca Bogotá Bogotá 27/02/2015 Gast, Fernando Fuera de circulación   AR 00354 010607 25/03/2015 1 25/03/2015   Artículo